00239nam a2200109 a 4500008004100000050001600041100002000057245002300077260000900100300001100109350000900120120416s1997 xx |||||||||||||| || u aHG 4026 Par aParkinson, Alan10aManagerial finance c1997 a: ill. a0.00